00885nam a2200217 a 450000100100000000500170001000800410002702000150006804000250008308200130010824501410012126000470026230000210030949000580033050400350038870000350042383000660045804900090052495201170053399900170065000002283820200930021828.0101119s1981 mx 000 0 spa d a9682309735 aDO-SdBNPbspacBNPHU ann*bnn*00aCorrespondencia 1868-1895 Karl Marx, Nikolái F. Danielsón, Frierich Engels /cRecopilación, presentación y notas José Aricó. aMéxico, D. F. :bSiglo Veintiuno,c1981. a397 p. ;c21 cm.1 aBiblioteca del Pensamiento Socialista. Los Clásicos aBibliografía : xxx-xxxvii p.1 aAricó, José,ecomp.946936 0aBiblioteca del Pensamiento Socialista.pLos Clásicos946937 aBNGR 001054708MOaGRbGRcCTd2010-11-19iLF1l0onn* nn*p22838-10r2020-06-25w2020-06-25y4ZPréstamo en sala c22335d22335